[Event "World Team-ch Open 2019"]
[Site "Astana"]
[Date "2019.03.05"]
[Round "1.19"]
[White "Howell, David W L"]
[Black "Makhnev, Denis"]
[Result "1-0"]
[WhiteElo "2693"]
[BlackElo "2476"]
[Annotator "TA"]
[PlyCount "63"]
[EventDate "2019.02.05"]
[EventType "team-tourn"]
[EventCountry "KAZ"]
[SourceTitle "playchess.com"]
[Source "ChessBase"]
[SourceQuality "1"]
[WhiteTeam "England"]
[BlackTeam "Kazakhstan"]
[WhiteTeamCountry "ENG"]
[BlackTeamCountry "KAZ"]

{[%evp 12,63,22,22,21,16,22,11,19,6,35,30,48,11,11,23,49,26,35,31,42,36,81,43,113,109,95,105,102,82,108,108,110,112,128,122,130,132,176,91,111,87,136,143,166,161,291,299,268,291,262,88,988,964]} 1. e4 e5 2. Nf3 Nc6 3. Bb5 Nf6 4. d3 Bc5 5. c3 d6 6. O-O O-O 7. Nbd2 a6 {C65: Ruy Lopez: Berlin Defence (3...Nf6), unusual lines and 4 0-0 Bc5} 8. Bxc6 bxc6 9. d4 exd4 {The position is equal.} 10. cxd4 Ba7 (10... Bb6 11. Qc2 Re8 12. Re1 c5 13. d5 Bg4 14. b3 Ba5 15. Re3 {½-½ (37) Vitiugov,N (2730)-Jakovenko,D (2748) Satka 2018}) 11. Qc2 Bd7 12. h3 $146 ({Predecessor:} 12. b4 Bb6 13. Bb2 a5 14. a3 axb4 15. axb4 {1-0 (56) Kosintseva,T (2515)-Lagno,K (2539) Moscow 2010}) 12... Qc8 13. Re1 Bxh3 14. gxh3 Qxh3 15. Qd3 Qg4+ 16. Kf1 Qh3+ 17. Ke2 Rae8 (17... c5 $14) 18. Kd1 $1 $16 c5 19. Kc2 cxd4 20. Nxd4 Qxd3+ 21. Kxd3 Ng4 22. f3 Nf2+ 23. Kc3 $1 f5 24. Nc6 Bb6 25. a4 (25. e5 $18) 25... fxe4 26. fxe4 {a5 is the strong threat.} a5 27. Kc4 d5+ 28. Kxd5 Rf6 (28... Rf7 $142) 29. e5 $18 Nd3 30. exf6 Rxe1 {[#]} 31. Nb3 $2 (31. b4 $1 $18 {and the rest is easy.}) 31... g5 $2 {[%mdl 8192]} (31... gxf6 $16 32. Bh6 (32. Nbxa5 h5 $14) (32. Ncxa5 h5 $11) 32... Rxa1 33. Nxa1 Kf7) 32. Bxg5 {Accuracy: White = 60%, Black = 33%.} 1-0

[Event "World Team-ch Open 2019"]
[Site "Astana"]
[Date "2019.03.05"]
[Round "1.20"]
[White "Kostenko, Petr"]
[Black "Jones, Gawain C B"]
[Result "0-1"]
[WhiteElo "2466"]
[BlackElo "2681"]
[Annotator "TA"]
[PlyCount "126"]
[EventDate "2019.02.05"]
[EventType "team-tourn"]
[EventCountry "KAZ"]
[SourceTitle "playchess.com"]
[Source "ChessBase"]
[SourceQuality "1"]
[WhiteTeam "Kazakhstan"]
[BlackTeam "England"]
[WhiteTeamCountry "KAZ"]
[BlackTeamCountry "ENG"]

{[%evp 10,126,6,10,18,16,28,17,11,14,6,3,27,27,31,15,22,17,30,27,42,24,31,43,38,35,81,66,87,32,34,21,81,21,34,29,43,0,5,7,26,33,55,18,36,36,36,36,36,36,36,22,43,20,78,30,62,72,84,72,68,-36,-42,-47,-63,-50,-25,-317,-301,-380,0,0,0,0,0,0,0,-47,-14,-835,-817,-797,-770,-887,-741,-731,-731,-790,-643,-640,-606,-756,-739,-695,-672,-1070,-1086,-1068,-998,-3116,-2827,-2343,-1415,-1902,-1358,-1446,-1098,-29986,-29987,-29987,-29988,-29988,-29989,-29989,-29990,-29990,-29991,-29991,-29992]} 1. e4 e5 2. Nf3 Nc6 3. Bc4 Bc5 4. O-O Nf6 5. d3 d6 6. a4 a6 {C50: Hungarian Defence and Giuoco Pianissimo} 7. c3 Ba7 (7... O-O 8. Bg5 h6 9. Bh4 g5 10. Bg3 Ba7 11. Nbd2 Nh7 12. h3 h5 13. d4 h4 14. Bh2 g4 15. hxg4 Bxg4 16. dxe5 dxe5 {1-0 (45) Duda,J (2738)-Kramnik,V (2777) Wijk aan Zee 2019}) 8. Be3 Bxe3 {The position is equal.} 9. fxe3 O-O 10. Nbd2 h6 11. d4 Bg4 12. Qc2 $146 ({Predecessor:} 12. Qe1 Bxf3 13. Rxf3 Na5 14. Ba2 c5 15. Qg3 {1-0 (35) Wharrier,J (2364)-Vetter,G (2309) ICCF email 2014}) 12... Bh5 13. Rae1 Nd7 14. b4 {[%cal Bb2b4,Bb4b5][%mdl 32]} Qe7 15. g3 a5 16. b5 Nd8 17. Nh4 Ne6 18. Bd5 Ra7 19. Nf5 (19. Nc4 $16) 19... Qd8 $1 $14 20. h3 Nf6 (20... Ng5 $1 $11) 21. Bc4 ({Better is} 21. Qb3 $16) 21... c6 22. Bd3 Bg6 23. Nc4 Bxf5 24. Rxf5 g6 25. Rff1 Qe7 26. Kg2 Nd7 27. Qa2 Raa8 28. Qa3 c5 29. d5 Ng7 30. b6 f5 31. Qc1 Nf6 (31... Nh5 $11 {keeps the balance.} 32. exf5 Qg5) 32. Qc2 Rad8 33. Kh2 ({Reject} 33. exf5 e4 $15) 33... h5 34. Nxa5 Ra8 35. Nb3 (35. Nc6 $1 $14 Qe8 36. Na7 (36. exf5 bxc6 37. fxg6 cxd5 $11)) 35... h4 $36 {[%mdl 2048] Black has the initiative.} 36. gxh4 c4 $1 {[%cal Rc4d3]} 37. Bxc4 {[%cal Re4f5]} Nxe4 {White must now prevent ...Rfc8.} 38. Rg1 $2 {[%mdl 8192]} (38. Bd3 $11 {and White stays safe.} Rxa4 39. Bxe4 Rxe4 40. h5) 38... Qxh4 $19 {Strongly threatening ...Nf2.} 39. Ref1 Ng5 $2 (39... Rxa4 $19 40. Bb5 Ra3 41. Rxg6 Rf6) 40. Qg2 $11 Qxc4 {[%mdl 64] [#] Double Attack} 41. Qxg5 Qxb3 42. Qxg6 {[%csl Gg1][%cal Rg6g7]} Rf7 43. Qxd6 Qxc3 44. Qe6 $2 {[%mdl 8192]} (44. Rg2 $11) 44... Qd2+ $19 45. Kh1 Qxe3 {[%cal Re3h3]} 46. Rg6 Qxh3+ 47. Kg1 Qe3+ 48. Kh2 Qe2+ 49. Kg1 f4 50. Rf2 Qe1+ 51. Rf1 Qe3+ 52. Kh2 {intending Rxg7+!} Qe2+ 53. Kg1 f3 54. a5 f2+ 55. Kg2 Qf3+ 56. Kh2 Qf4+ 57. Kg2 Raf8 {Threatens to win with ...e4.} 58. d6 Qf3+ {Black mates.} 59. Kh2 Qh5+ 60. Kg2 Kh7 61. Qg4 Qxg6 62. Rh1+ Nh5 {[%mdl 64] [#] Clearance, Promotion} 63. Rxh5+ Kg7 {Accuracy: White = 36%, Black = 51%.} 0-1

[Event "World Team-ch Open 2019"]
[Site "Astana"]
[Date "2019.03.07"]
[Round "3.1"]
[White "Ding, Liren"]
[Black "Karjakin, Sergey"]
[Result "1/2-1/2"]
[WhiteElo "2812"]
[BlackElo "2753"]
[Annotator "TA"]
[PlyCount "95"]
[EventDate "2019.02.05"]
[EventType "team-tourn"]
[EventCountry "KAZ"]
[SourceTitle "playchess.com"]
[Source "ChessBase"]
[SourceQuality "1"]
[WhiteTeam "China"]
[BlackTeam "Russia"]
[WhiteTeamCountry "CHN"]
[BlackTeamCountry "RUS"]

{[%evp 23,95,0,0,-16,8,2,8,4,26,0,11,7,15,15,12,14,17,12,12,18,28,22,29,27,21,19,22,20,85,83,98,98,98,94,107,76,65,71,69,61,49,31,24,29,27,22,70,70,73,30,30,19,19,19,16,16,84,75,69,62,85,19,25,8,8,8,14,0,14,0,22,0,8,8]} 1. d4 Nf6 2. c4 e6 3. g3 Bb4+ 4. Bd2 Be7 5. Bg2 d5 6. Nf3 O-O 7. O-O Nbd7 8. Qc2 c6 9. Bf4 b6 10. cxd5 cxd5 11. Rc1 Bb7 12. Bc7 Qe8 13. Qb3 $146 {E08: Closed Catalan: Main Line: 7 Qc2} ({Predecessor:} 13. Nc3 Rc8 14. Nb5 Nc5 15. a4 Na6 16. Qb3 Nxc7 17. Nxa7 Nd7 18. a5 Ra8 19. Rxc7 Rxa7 20. Rac1 Bd8 21. axb6 Bxc7 22. bxa7 {0-1 (40) Hernandez Carmenates,H (2543)-Quesada Perez,Y (2582) Havana 2010}) 13... Nb8 14. a4 Ne4 15. Nc3 Nxc3 16. Rxc3 Na6 17. Bf4 Bb4 18. Rc2 Qe7 19. Rac1 {[#] Hoping for Rc7!} Rac8 20. Ne5 Rxc2 21. Qxc2 Bd6 22. Nc6 $36 {[%mdl 2048] White has good play.} Bxc6 $1 23. Bxd6 Qxd6 24. Qxc6 Qxc6 25. Rxc6 $11 {[%mdl 4096] Endgame KRB-KRN} Rd8 (25... Re8 $11) 26. Bf1 $16 Kf8 {[#]} 27. e3 $1 Nb4 28. Rc7 a6 29. g4 g5 30. h4 gxh4 31. Kg2 b5 32. b3 e5 $1 33. dxe5 d4 34. exd4 Rxd4 35. axb5 axb5 36. Bxb5 {Threatens to win with Rc4.} Rxg4+ 37. Kf3 Rg5 38. Rc4 Nd5 39. Rxh4 Ne7 (39... h5 $11 {remains equal.}) 40. Rxh7 Rxe5 41. Bc4 Rf5+ 42. Ke4 (42. Ke3 $16) 42... Rxf2 $11 43. b4 Ke8 {The position is equal.} 44. b5 Nc8 45. Kd4 Rf6 46. Bd3 Nb6 47. Be4 Kd7 48. Bc6+ {Accuracy: White = 59%, Black = 51%.} 1/2-1/2

[Event "World Team-ch Open 2019"]
[Site "Astana"]
[Date "2019.03.07"]
[Round "3.2"]
[White "Nepomniachtchi, Ian"]
[Black "Yu, Yangyi"]
[Result "1-0"]
[WhiteElo "2771"]
[BlackElo "2761"]
[Annotator "TA"]
[PlyCount "87"]
[EventDate "2019.02.05"]
[EventType "team-tourn"]
[EventCountry "KAZ"]
[SourceTitle "playchess.com"]
[Source "ChessBase"]
[SourceQuality "1"]
[WhiteTeam "Russia"]
[BlackTeam "China"]
[WhiteTeamCountry "RUS"]
[BlackTeamCountry "CHN"]

{[%evp 17,87,0,0,8,10,0,0,0,0,0,0,0,0,0,0,0,27,27,28,31,38,36,86,91,128,77,138,130,232,242,250,250,245,241,231,233,298,299,290,291,291,291,297,304,548,536,554,555,1323,1347,1524,691,676,672,672,672,639,621,712,704,687,289,745,744,761,760,3032,1958,1647,1620,1211,1109]} 1. e4 e5 2. Nf3 Nf6 3. d4 Nxe4 4. Bd3 d5 5. Nxe5 Nd7 6. Nxd7 Bxd7 7. O-O Bd6 8. Nc3 Nxc3 9. bxc3 O-O 10. Qh5 {[%csl Gd3][%cal Rh5h7] C43: Petroff Defence: 3 d4} f5 $1 11. Re1 c6 (11... Qf6 12. Qf3 c6 13. Bf4 Rf7 14. h4 Ba3 15. Rab1 b5 16. g3 a5 17. Re2 Bf8 {1-0 (40) Zhigalko,S (2604)-Fridman,D (2633) St Petersburg 2018}) 12. Bg5 {The position is equal.} Qc7 13. Re3 g6 14. Qh4 Rae8 15. Rae1 Rxe3 16. Rxe3 $40 {[%mdl 128] White attacks.} Re8 17. c4 $146 ({Predecessor:} 17. Be7 Rxe7 18. Rxe7 Bxe7 19. Qxe7 {½-½ (49) Fercec,N (2495)-Doric,N (2303) Pula 2014}) 17... Rxe3 18. Bxe3 Be8 19. c5 Qe7 20. Bg5 $1 {[%cal Rg5e7]} Qe1+ 21. Bf1 Bf8 ({Black should play} 21... Bc7) 22. Be3 $1 $16 Qa5 {[#]} (22... b6 $16) 23. Bf4 $1 $18 Bf7 24. Qf6 Bg7 25. Qd6 {White wants to mate with Qb8+.} Qe1 ({Not} 25... Bxd4 26. Qb8+ Kg7 27. Bd6 $14) 26. Be3 Bf8 27. Qb8 b6 28. cxb6 axb6 29. Qxb6 Qa1 30. Qa7 ({Don't take} 30. Qxc6 $6 Qxa2 31. Bf4 Qa3 $16) 30... c5 $2 (30... Qb2 31. a4 Bd6) 31. Qa8 {Threatening mate with Bh6.} Qe1 32. dxc5 d4 33. Bh6 $1 {[%csl Gh6][%cal Ra8f8]} Be8 34. Qd5+ (34. c6 $142 Bd6 {[#]} 35. c7 $1 {[%mdl 512]} Bxc7 36. Qa3 Bxh2+ 37. Kxh2 Qe5+ 38. Kh3 Qf6 39. Bc4+ Kh8 40. f4) 34... Bf7 35. Qd8 {[%csl Gh6][%cal Rd8f8]} Qe7 36. Qxe7 Bxe7 {[%mdl 4096] Endgame KBB-KBB} 37. c6 Bd6 38. g3 Bd5 39. a4 (39. Bb5 $142 Bxa2 40. Bf4 Bxf4 41. gxf4) 39... Kf7 $2 (39... Bxc6 40. Bc4+ Kh8) 40. Bb5 {White is clearly winning.} Bc7 41. Bf4 Bxf4 42. gxf4 Ke7 43. c7 Bb7 44. a5 {Accuracy: White = 72%, Black = 46%.} 1-0

[Event "World Team-ch Open 2019"]
[Site "Astana"]
[Date "2019.03.07"]
[Round "3.3"]
[White "Wei, Yi"]
[Black "Grischuk, Alexander"]
[Result "1/2-1/2"]
[WhiteElo "2733"]
[BlackElo "2771"]
[Annotator "TA"]
[PlyCount "148"]
[EventDate "2019.02.05"]
[EventType "team-tourn"]
[EventCountry "KAZ"]
[SourceTitle "playchess.com"]
[Source "ChessBase"]
[SourceQuality "1"]
[WhiteTeam "China"]
[BlackTeam "Russia"]
[WhiteTeamCountry "CHN"]
[BlackTeamCountry "RUS"]

{[%evp 12,148,28,10,20,0,7,0,0,0,18,-8,9,13,9,7,12,18,32,6,5,8,10,8,25,24,30,0,0,0,23,0,0,0,0,-20,0,0,0,-23,0,0,0,0,7,-77,-76,-73,-67,-73,-67,-135,-55,-47,-63,-102,-96,-125,-125,-131,-133,-132,-128,-150,-143,-140,-137,-132,-59,-147,-66,-74,-61,-61,-52,-92,-61,-61,-61,-61,-29,-54,-19,-22,-26,-80,0,0,0,0,0,0,0,0,0,0,0,0,0,0,0,0,0,0,0,0,0,0,0,0,0,0,0,0,0,0,0,0,0,0,0,0,0,0,0,0,0,0,0,0,0,0,0,0,0,0,0,0,0]} 1. e4 e5 2. Nf3 Nc6 3. Bc4 Bc5 4. O-O Nf6 5. d3 d6 6. Bg5 h6 7. Bh4 a6 {C50: Hungarian Defence and Giuoco Pianissimo} 8. c3 Ba7 9. a4 g5 10. Bg3 Nd7 $146 ({Predecessor:} 10... O-O 11. Nbd2 Kg7 12. Re1 Be6 13. b4 g4 {0-1 (42) Topalov,V (2761)-So,W (2770) Leuven 2016}) 11. Kh1 Ne7 12. d4 {[%cal Rd4e5]} Ng6 13. Ne1 O-O 14. f3 Nf6 15. Bf2 d5 16. exd5 Nxd5 17. Nc2 Be6 18. Nd2 c6 19. Qe1 Re8 20. dxe5 Bxf2 21. Qxf2 Nxe5 22. Bxd5 Bxd5 23. Nb4 a5 24. Nxd5 Nd3 $36 {[%mdl 2048] White is under pressure.} 25. Qb6 cxd5 26. Qb5 Re3 27. Nb3 Nxb2 28. Nxa5 (28. Nd4 $11 Nc4 29. Rfb1) 28... Rxa5 $17 29. Qxb2 Qc7 $1 30. Ra3 Qc4 {[%cal Rc4f1]} 31. Rg1 {[#]} (31. Rc1 $15) 31... Qc5 (31... d4 $1 $17 {[%cal Rd4c3]} 32. cxd4 Rxa3 33. Qxa3 Qxd4) 32. Rb3 Rxa4 33. Rxb7 Qxc3 ({Reject} 33... Rxc3 34. Rd7 $11) 34. Rb8+ Kg7 35. Rb3 Qxb2 36. Rxb2 {[%mdl 4096] Endgame KRR-KRR} Rd4 37. Rgb1 h5 38. Kg1 Red3 39. Kf1 g4 ({Black should play} 39... Rd2 $17 40. Ke1 Rxb2 41. Rxb2 Kf6) 40. Ke2 (40. fxg4 $15 hxg4 41. Rf2) 40... Ra3 (40... gxf3+ $17 41. gxf3 f6) 41. Rb3 Ra2+ 42. R1b2 Rda4 43. Kf2 Kf6 44. Rxa2 Rxa2+ $15 {KR-KR} 45. Kg3 Ke5 46. Re3+ Kd6 47. fxg4 hxg4 48. Re8 {[#]} (48. Re1 $11) 48... f5 ({Better is} 48... d4 $1 $17 49. Re4 Kd5 50. Rxg4 d3) 49. Rf8 {The position is equal.} Ke5 {Hoping for ...Ra3+.} 50. Re8+ Kd6 51. Rf8 Ke5 52. Re8+ Kd4 53. Rf8 $1 Ke4 54. Re8+ Kd4 55. Rf8 $1 Ke4 56. Re8+ Kd3 57. Rf8 d4 58. Rxf5 Ke4 59. Rf4+ Ke3 {( -> ...Rxg2+!)} 60. Rf8 d3 {...d2 is the strong threat.} 61. Re8+ $1 Kd4 62. Rd8+ Ke3 63. Re8+ $1 Kd4 {Strongly threatening ...d2.} 64. Rd8+ Kc3 {And now ...Re2 would win.} 65. Rc8+ Kb3 {White must now prevent ...Re2.} 66. Rd8 Kc3 67. Rc8+ Kb3 68. Rd8 d2 {Threatens to win with ...Kc3.} 69. Kxg4 Kc3 {aiming for ...Ra8!} ({Don't play} 69... Kc2 70. h4 $17) 70. h4 {[#]} Ra8 $1 {[%mdl 512]} 71. Rd7 (71. Rxa8 d1=Q+) 71... Ra7 72. Rd8 Ra8 73. Rd7 Ra7 74. Rd8 Ra8 {[%mdl 64] Promotion. Accuracy: White = 67%, Black = 51%.} 1/2-1/2

[Event "World Team-ch Open 2019"]
[Site "Astana"]
[Date "2019.03.07"]
[Round "3.4"]
[White "Artemiev, Vladislav"]
[Black "Bu, Xiangzhi"]
[Result "1/2-1/2"]
[WhiteElo "2736"]
[BlackElo "2731"]
[Annotator "TA"]
[PlyCount "109"]
[EventDate "2019.02.05"]
[EventType "team-tourn"]
[EventCountry "KAZ"]
[SourceTitle "playchess.com"]
[Source "ChessBase"]
[SourceQuality "1"]
[WhiteTeam "Russia"]
[BlackTeam "China"]
[WhiteTeamCountry "RUS"]
[BlackTeamCountry "CHN"]

{[%evp 18,109,3,1,0,0,0,7,9,-1,4,2,0,-14,2,5,25,22,20,0,0,0,0,0,0,-35,-32,-32,-32,-33,-43,-75,-68,-97,-111,-94,-70,-101,-106,-131,-131,-129,-115,-124,-47,-33,-43,-96,-103,-108,-107,-114,-107,-114,-114,-115,-114,-114,-116,-116,-112,-125,-76,-83,0,-6,0,0,0,0,0,0,0,0,0,0,0,0,0,0,0,0,0,0,0,0,0,0,0,0,0,0,0,0]} 1. Nf3 Nf6 2. g3 d5 3. Bg2 c6 4. O-O Bg4 5. c4 e6 6. Qb3 Qb6 {A11: English Opening: 1...c6} 7. d3 (7. Qc2 Nbd7 8. d3 dxc4 9. dxc4 Bf5 10. Qb3 Bc5 11. Nc3 O-O 12. Na4 Qxb3 13. axb3 Bb4 14. Nd4 {1-0 (44) Svidler,P (2760)-Andreikin,D (2712) Moscow 2018}) 7... Nbd7 8. Be3 Bc5 9. Bxc5 Nxc5 10. Qa3 {LiveBook: 4 Games} O-O 11. Nbd2 $146 ({Predecessor:} 11. Rc1 Ncd7 12. Nbd2 a5 13. Rc2 Rfe8 14. Rac1 {1-0 (45) Marin,M (2579)-Tan,J (2417) Helsingor 2015}) 11... a5 12. Rac1 {Strongly threatening cxd5.} Ncd7 13. h3 Bxf3 14. Nxf3 Qb4 15. Rc3 Qxa3 16. bxa3 Ne8 17. cxd5 exd5 18. Rb1 Nd6 19. Nd4 Rfe8 20. a4 Ra6 21. e3 Rb6 22. Rbb3 Kf8 23. h4 Rb4 24. a3 Rxa4 25. Nxc6 bxc6 26. Rxc6 Nf5 27. Bxd5 Ne7 28. Rc7 Nxd5 29. Rxd7 Nf6 30. Ra7 {next Rbb7 is good for White.} Re7 (30... Kg8 $17) 31. Ra8+ $1 $15 Ne8 32. h5 (32. d4 $15) 32... g6 33. hxg6 hxg6 34. Kf1 Kg7 35. Ke2 Nd6 36. Ra6 Rb7 37. Rbb6 Rxb6 38. Rxb6 $17 {[%mdl 4096] Endgame KRN-KR} Nf5 39. Rb3 Kf6 40. Kd2 {[#]} Kg5 (40... Nd6 $1 $17) 41. Rc3 {The position is equal.} Kg4 42. Kc2 $1 {[%cal Rc2b3] aiming for Kb3.} Kh3 43. d4 $1 {[#]} Nxd4+ $1 {[%mdl 512]} 44. exd4 Rxd4 $11 {KR-KR} 45. Rc6 Rd5 {White must now prevent ...Rf5.} 46. Rf6 $1 Rf5 47. Rxf5 gxf5 {K3P-K3P} 48. Kd3 Kg4 49. a4 f4 (49... Kf3 $5 50. Kd4 $8 Kxf2 $11) 50. gxf4 Kxf4 51. Kc4 Kf3 52. Kb5 Kxf2 53. Kxa5 f5 54. Kb6 {a5 is the strong threat.} f4 55. a5 {Precision: White = 66%, Black = 69%.} 1/2-1/2

[Event "World Team-ch Open 2019"]
[Site "Astana"]
[Date "2019.03.07"]
[Round "3.5"]
[White "Adams, Michael"]
[Black "Swiercz, Dariusz"]
[Result "1/2-1/2"]
[WhiteElo "2708"]
[BlackElo "2655"]
[Annotator "TA"]
[PlyCount "61"]
[EventDate "2019.02.05"]
[EventType "team-tourn"]
[EventCountry "KAZ"]
[SourceTitle "playchess.com"]
[Source "ChessBase"]
[SourceQuality "1"]
[WhiteTeam "England"]
[BlackTeam "United States"]
[WhiteTeamCountry "ENG"]
[BlackTeamCountry "USA"]

{[%evp 16,61,10,0,8,6,11,10,14,15,34,14,20,16,24,2,34,25,37,21,35,30,40,34,49,12,16,0,0,7,0,7,4,0,0,0,0,0,0,0,0,0,0,0,0,0,4,4]} 1. e4 e5 2. Nf3 Nc6 3. Bb5 a6 4. Ba4 Nf6 5. O-O Be7 6. d3 b5 7. Bb3 d6 8. a3 O-O 9. Nc3 Na5 {C77: Ruy Lopez: 3...a6 4 Ba4 Nf6, unusual lines} (9... Nb8 10. Ne2 h6 11. Ng3 Re8 12. c3 Bf8 13. Re1 Nbd7 14. d4 Bb7 15. Bc2 g6 16. h4 c5 17. h5 {½-½ (55) Movsesian,S (2629)-Caruana,F (2828) chess.com INT 2019}) 10. Ba2 Be6 11. Bg5 Bxa2 12. Rxa2 Nc6 13. Bxf6 $146 ({Predecessor:} 13. a4 b4 14. Bxf6 Bxf6 15. Nd5 g6 16. c3 bxc3 17. bxc3 {½-½ (26) Predke,A (2533)-Motylev,A (2648) Sochi 2015}) 13... Bxf6 14. Nd5 Nd4 15. c3 Nxf3+ (15... Ne6 {keeps more tension.} 16. a4 c6 17. Ne3 Qd7 18. b4 Rfd8) 16. Qxf3 Bg5 17. Qg4 h6 18. a4 {Strongly threatening axb5.} c6 19. Nb4 Qc7 $1 20. axb5 axb5 {The position is equal.} 21. Rfa1 Rxa2 22. Rxa2 {Black should prevent Ra6.} Qb7 $1 23. g3 Bd8 24. d4 exd4 25. cxd4 c5 26. dxc5 dxc5 27. Nd5 c4 28. Qf3 Re8 29. b3 cxb3 30. Rb2 Qc6 {[#] White must now prevent ...Qc1+.} 31. Rxb3 {Accuracy: White = 64%, Black = 83%.} 1/2-1/2

[Event "World Team-ch Open 2019"]
[Site "Astana"]
[Date "2019.03.07"]
[Round "3.6"]
[White "Sevian, Samuel"]
[Black "McShane, Luke J"]
[Result "1/2-1/2"]
[WhiteElo "2642"]
[BlackElo "2661"]
[Annotator "TA"]
[PlyCount "74"]
[EventDate "2019.02.05"]
[EventType "team-tourn"]
[EventCountry "KAZ"]
[SourceTitle "playchess.com"]
[Source "ChessBase"]
[SourceQuality "1"]
[WhiteTeam "United States"]
[BlackTeam "England"]
[WhiteTeamCountry "USA"]
[BlackTeamCountry "ENG"]

{[%evp 15,74,59,54,12,44,36,36,34,36,37,48,47,39,31,52,24,132,27,29,0,61,51,60,70,136,142,134,136,158,142,143,141,145,92,90,91,90,88,106,27,41,0,0,0,0,0,0,0,51,5,8,0,0,0,0,0,0,0,0,0,0]} 1. d4 Nf6 2. c4 c5 3. d5 e5 4. Nc3 d6 5. e4 Be7 6. g3 O-O 7. Bg2 Na6 8. Nge2 Nc7 9. f4 {A56: Czech Benoni} Nd7 10. f5 $146 ({Predecessor:} 10. O-O a6 11. a4 Bf6 12. Be3 b6 13. Qd3 Rb8 14. Rfb1 Re8 15. Ra3 g6 16. b4 cxb4 17. Rxb4 {1-0 (30) Berkovich,D (2455)-Tregubov,A (2325) Budapest 1992}) 10... b5 11. cxb5 {White is slightly better.} a6 12. bxa6 Bxa6 13. h4 Rb8 14. O-O Rb4 15. Rb1 Rd4 (15... Qa8 $11 {remains equal.}) 16. Qe1 ({Better is} 16. Nxd4 $16 cxd4 17. Ne2) 16... Bd3 17. Ra1 Na6 (17... Rb4 $11) 18. a3 $14 c4 19. Be3 Nac5 (19... Bf6 $14) 20. Bxd4 $16 ({Don't take} 20. Nxd4 exd4 21. Bxd4 Bxf1 $14) 20... exd4 21. Nxd4 Bf6 22. Nc6 Qb6 23. Rf2 Ne5 {[#]} 24. Nxe5 (24. a4 $142 $1) 24... Bxe5 25. Qe3 Rb8 26. Bf1 Qd8 27. f6 (27. a4 $16) 27... Bxf6 $11 28. Rd1 (28. a4 {with more complications.} Nb3 29. Rd1 Bd4 30. Qf3 Bxf2+ 31. Qxf2 Bxf1 32. Rxf1 f6 33. Nb5) 28... Rb3 $1 29. Bxd3 (29. Rdd2 {is more complex.} Be5 30. Bxd3 Nxd3 31. Rxd3 cxd3 32. Qxd3 Qb8 33. Kh2) 29... Nxd3 30. Rxd3 cxd3 31. Qxd3 Bxc3 ({Black should play} 31... Qb6 $11 32. Kg2 Rxb2) 32. bxc3 {[%mdl 4096] Endgame KQR-KQR} (32. e5 $5) 32... Qc8 {The position is equal.} 33. Qf3 f6 34. Qf5 Qxf5 35. exf5 Rxc3 36. Kg2 Rxa3 37. Rb2 Ra5 {Accuracy: White = 58%, Black = 60%.} 1/2-1/2

[Event "World Team-ch Open 2019"]
[Site "Astana"]
[Date "2019.03.07"]
[Round "3.7"]
[White "Howell, David W L"]
[Black "Onischuk, Alexander"]
[Result "1/2-1/2"]
[WhiteElo "2693"]
[BlackElo "2647"]
[Annotator "TA"]
[PlyCount "37"]
[EventDate "2019.02.05"]
[EventType "team-tourn"]
[EventCountry "KAZ"]
[SourceTitle "playchess.com"]
[Source "ChessBase"]
[SourceQuality "1"]
[WhiteTeam "England"]
[BlackTeam "United States"]
[WhiteTeamCountry "ENG"]
[BlackTeamCountry "USA"]

{[%evp 19,20,8,0]} 1. e4 e5 2. Nf3 Nc6 3. Bb5 a6 4. Ba4 Nf6 5. O-O Be7 6. Re1 b5 7. Bb3 O-O 8. a4 b4 9. d4 d6 10. dxe5 Nxe5 {Predecessor:} 11. Nbd2 $146 Nfd7 12. Nd4 Bb7 13. f4 Ng6 14. N2f3 Bf6 15. Bd5 Bxd5 16. exd5 Ne7 17. a5 Qc8 18. Nc6 Re8 19. Nxb4 {1-0 (28) Wei,Y (2729)-So,W (2780) chess.com INT 2018} 1/2-1/2

[Event "World Team-ch Open 2019"]
[Site "Astana"]
[Date "2019.03.07"]
[Round "3.8"]
[White "Lenderman, Aleksandr"]
[Black "Jones, Gawain C B"]
[Result "1/2-1/2"]
[WhiteElo "2637"]
[BlackElo "2681"]
[Annotator "TA"]
[PlyCount "94"]
[EventDate "2019.02.05"]
[EventType "team-tourn"]
[EventCountry "KAZ"]
[SourceTitle "playchess.com"]
[Source "ChessBase"]
[SourceQuality "1"]
[WhiteTeam "United States"]
[BlackTeam "England"]
[WhiteTeamCountry "USA"]
[BlackTeamCountry "ENG"]

{[%evp 17,94,15,22,-4,25,17,12,17,25,15,0,1,18,6,7,4,29,2,14,16,14,10,10,10,8,3,14,0,6,0,11,0,0,-10,-9,-9,-9,-10,-9,-11,0,0,0,0,0,-4,0,0,0,0,0,0,0,0,0,0,0,0,0,0,0,-19,-18,-18,0,0,0,0,0,0,0,0,0,0,0,0,0,0,0]} 1. d4 Nf6 2. c4 g6 3. Nc3 d5 4. cxd5 Nxd5 5. e4 Nxc3 6. bxc3 Bg7 7. Qa4+ Nd7 8. Nf3 O-O 9. Be2 c5 10. O-O {D85: Exchange Grünfeld: Unusual White 7th moves and lines with 7 Nf3} Nb6 11. Qa3 cxd4 12. cxd4 Bg4 13. Bg5 Bxf3 14. Bxf3 Qxd4 15. Rad1 Qe5 16. Bxe7 Rfe8 17. Bd6 Qe6 {[#] The position is equal.} 18. e5 $146 Bxe5 {[#] White must now prevent ...Nc4.} 19. Bxe5 Qxe5 20. Bxb7 Rab8 21. Bf3 Qe7 22. Qb3 Rbc8 23. Rd3 h5 24. h3 Rc5 25. Bd5 Nxd5 26. Rxd5 Rxd5 27. Qxd5 $11 {[%mdl 4096] Endgame KQR-KQR} Qb4 28. Qb3 Qd2 29. g3 Rd8 30. h4 a5 31. Qc4 Rb8 32. a3 Rd8 33. Qc5 Rd5 34. Qe7 Rf5 35. Qe4 Kg7 36. a4 Kh7 37. Kg2 Qb2 38. Kg1 Qb6 39. Kg2 Qc5 40. Kg1 Kg7 41. Qe2 Qd4 42. Rd1 Rxf2 ({Don't go for} 42... Qxa4 $2 43. Qb2+ f6 44. Qb7+ Kh6 45. Rd7 $18) (42... Qf6 {keeps more tension.} 43. Rc1 Qe5 44. Qd2 Qe4 45. Qb2+ Qe5) 43. Rxd4 Rxe2 44. Rd5 Ra2 45. Rxa5 Kf6 46. Kf1 Ke6 47. Kg1 Kf6 {Accuracy: White = 67%, Black = 55%.} 1/2-1/2